| 000 | 00501nam a2200169 i 4500 | ||
|---|---|---|---|
| 001 | 134972 | ||
| 003 | ES-MaACL | ||
| 005 | 20230906194800.0 | ||
| 007 | t| | ||
| 008 | 070704s1912 xxk ||||1| eng d | ||
| 100 | 1 |
_aThomas, Edward. _9110005 |
|
| 245 | 1 | 4 |
_aGeorge Borrow _b: the man and this books / _cby Edward Thomas. |
| 260 |
_aLondon : _bChapman & Hall, _c1912. |
||
| 300 |
_aXI, 333 p. : _bil. ; _c23 cm. |
||
| 600 | 1 | 4 |
_aBorrow, George Henry ( _d1803-1881) _930609 |
| 852 |
_aES-MaACL _jF-2296 |
||
| 999 |
_c134972 _d134972 |
||